00300nam a22000977a 4500008004100000082001400041100002400055245009400079260002100173300000800194230609b xxu||||| |||| 00| 0 eng d a332.67KNA cGovernment of Kenya aEleventh Report of the Public Investments Committee on the Accounts of State Corporations aKenyabGOKc2004 a72p